000 00396cam a2200169 4500
001 D13265
008 090401t1906 xxu||||| |||| 00| 0 eng d
035 _a(Sirsi) u94397
041 _aeng
100 _aLethaby, W.R.
245 _aWestminster Abbey and the King`s craftsmen
260 _aLondon
_bDuckworth
_c1906
350 _a0
520 _aShelf 105
942 _n0
948 _c04/03/1997
999 _c98015
_d98015